| Tag |
First Indicator |
Second Indicator |
Subfields |
| LEADER |
00000cam a2200000 i 4500 |
| 001 |
in00000028687 |
| 005 |
20190207093400.0 |
| 008 |
780721q19201929txua 00010beng d |
| 035 |
|
|
|a (OCoLC)04072470
|
| 035 |
|
|
|9 AAD5813AM
|
| 040 |
|
|
|c TXH
|d TXA
|d UtOrBLW
|
| 049 |
|
|
|a TXAS
|c [1700858]
|
| 090 |
|
|
|a F391.H44
|b H85
|
| 100 |
1 |
|
|a Hunter, J. Marvin
|q (John Marvin),
|d 1880-1957.
|
| 245 |
1 |
0 |
|a Jack Hays :
|b the intrepid Texas Ranger / [edited by John M. Hunter].
|
| 264 |
|
1 |
|a Bandera, Tex. :
|b Frontier Times,
|c [between 1920 and 1929?]
|
| 300 |
|
|
|a 63 pages :
|b illustrations ;
|c 27 cm.
|
| 336 |
|
|
|a text
|b txt
|2 rdacontent
|
| 337 |
|
|
|a unmediated
|b n
|2 rdamedia
|
| 338 |
|
|
|a volume
|b nc
|2 rdacarrier
|
| 500 |
|
|
|a The Cushing Library/Chapman Texas Collection copy is part of the Floyd & Louise Chapman Texas & Borderlands Collection.
|5 TXA
|
| 500 |
|
|
|a Cover-title.
|
| 500 |
|
|
|a Collection of articles about John C. Hays.
|
| 500 |
|
|
|a Author's autograph copy.
|
| 600 |
1 |
0 |
|a Hays, John Coffee,
|d 1817-1883.
|
| 610 |
1 |
0 |
|a Texas Rangers.
|
| 999 |
|
|
|a MARS
|
| 999 |
f |
f |
|s 1394b07f-127a-3676-b34a-9d1f24e18c02
|i 95351314-6bcb-32a2-9fdb-bbc65d289504
|t 0
|
| 952 |
f |
f |
|p noncirc
|a Texas A&M University
|b College Station
|c Cushing Memorial Library & Archives
|d Cushing: Chapman Texas Collection (Does not check out)
|t 0
|e F391.H44 H85
|h Library of Congress classification
|i unmediated -- volume
|m A14800327556
|
| 998 |
f |
f |
|a F391.H44 H85
|t 0
|l Cushing: Chapman Texas Collection (Does not check out)
|